The Case Study Handbook : (Record no. 17357)
[ view plain ]
| 000 -LEADER | |
|---|---|
| fixed length control field | 01344cam a2200229 a 4500 |
| 001 - CONTROL NUMBER | |
| control field | 14596086 |
| 005 - DATE AND TIME OF LATEST TRANSACTION | |
| control field | 20130317112214.0 |
| 008 - FIXED-LENGTH DATA ELEMENTS--GENERAL INFORMATION | |
| fixed length control field | 061016s2007 maua b 001 0 eng |
| 010 ## - LIBRARY OF CONGRESS CONTROL NUMBER | |
| LC control number | 2006034445 |
| 020 ## - INTERNATIONAL STANDARD BOOK NUMBER | |
| International Standard Book Number | 1422101584 (hardcover : alk. paper) |
| 020 ## - INTERNATIONAL STANDARD BOOK NUMBER | |
| International Standard Book Number | 9781422101582 (hardcover : alk. paper) |
| 082 00 - DEWEY DECIMAL CLASSIFICATION NUMBER | |
| Classification number | 658 |
| Edition number | 22 |
| Item number | ELL |
| 100 1# - MAIN ENTRY--PERSONAL NAME | |
| Personal name | Ellet, William. |
| 9 (RLIN) | 32834 |
| 245 14 - TITLE STATEMENT | |
| Title | The Case Study Handbook : |
| Remainder of title | How to Read, Discuss, and Write Persuasively About Cases / |
| Statement of responsibility, etc | William Ellet. |
| 260 ## - PUBLICATION, DISTRIBUTION, ETC. (IMPRINT) | |
| Place of publication, distribution, etc | Boston, Mass. : |
| Name of publisher, distributor, etc | Harvard Business School Press, |
| Date of publication, distribution, etc | c2007. |
| 300 ## - PHYSICAL DESCRIPTION | |
| Extent | vi, 273 p. : |
| Other physical details | ill. ; |
| Dimensions | 24 cm. |
| 504 ## - BIBLIOGRAPHY, ETC. NOTE | |
| Bibliography, etc | Includes bibliographical references and index. |
| 505 2# - FORMATTED CONTENTS NOTE | |
| Formatted contents note | pt. 1. Analysis. How to analyze a case -- Case analysis demonstration -- Problems -- Decisions -- Evaluations -- pt. 2. Discussion. How to discuss a case -- pt. 3. Writing. How to write a case-based essay -- Problem essays -- Decision essays -- Evaluation essays -- pt. 4. Cases for analysis and writing. Allentown Materials Corporation : The electronic products division (abridged) -- General Electric : Major appliance business group (abridged) -- General Motors : Packard electric division -- Malaysia in the 1990's -- Whistler Corporation. |
| 650 #0 - SUBJECT ADDED ENTRY--TOPICAL TERM | |
| Topical term or geographic name as entry element | Management |
| Form subdivision | Case studies |
| General subdivision | Study and teaching. |
| 9 (RLIN) | 32835 |
| 653 ## - INDEX TERM--UNCONTROLLED | |
| Resource For college | |
| Arrived date list | March2013 |
| 942 ## - ADDED ENTRY ELEMENTS (KOHA) | |
| Source of classification or shelving scheme | Dewey Decimal Classification |
| Item type | Book - Borrowing |
| Withdrawn status | Item status | Source of classification or shelving scheme | Damaged status | Not for loan | Vendor | Home library | Current library | Shelving location | Date acquired | Source of acquisition | Total Checkouts | Full call number | Barcode | Date last seen | Koha item type | Total Renewals | Date last borrowed |
|---|---|---|---|---|---|---|---|---|---|---|---|---|---|---|---|---|---|
| Dewey Decimal Classification | Baccah | Central Library | Central Library | First floor | 17/03/2013 | 658 ELL | 000028483 | 15/07/2025 | Book - Borrowing | ||||||||
| Dewey Decimal Classification | Baccah | Central Library | Central Library | First floor | 17/03/2013 | 4 | 658 ELL | 000028484 | 01/10/2025 | Book - Borrowing | 3 | 24/09/2025 | |||||
| Dewey Decimal Classification | Baccah | Central Library | Central Library | First floor | 17/03/2013 | 1 | 658 ELL | 000028485 | 15/07/2025 | Book - Borrowing | 15/10/2016 |